000 01011nam a22003377a 4500
001 0039533
003 KOHA_MİRAKIL
005 20260207003133.0
007 ta
008 130220b1999 enk |||gr||||#0|||1|eng |
020 _a8871006712
040 _aTR-BiSEU
_btur
_cTR-BiSEU
_erda
041 0 _aeng
044 _cenk
050 _aPE1128.D53
_bI54 1999
100 1 _aDickens, Charles.
245 1 _aOliver Twist/
_cCharles Dickens ; Charles Dickens.
264 1 _aEssex :
_bPearson Education Limited
_c1999
300 _a119 sayfa ;
_c19 cm.
336 _ametin
_btxt
_2rdacontent
337 _aaracısız
_bn
_2rdamedia
338 _acilt
_bnc
_2rdacarrier
490 0 _aPenguin readers
650 0 _aEnglish language--Study and teaching.
_940817
650 0 _aReaders (Upper intermediate).
_973475
650 0 _aİngiliz dili--Çalışma ve öğretim.
_931747
650 0 _aOkuyucular (Üst orta düzey).
_973476
830 0 _aPenguin readers
_950323
907 _aDil
942 _2lcc
_cBK
999 _c39411
_d39411